| 000 | 00904nam a22001697a 4500 | ||
|---|---|---|---|
| 008 | 231219s2010 xxk|||||o|||| 00| 0 eng d | ||
| 041 | _aeng | ||
| 110 | _aRoyal Institution of Chartered Surveyors | ||
| 245 |
_aRules for the Registration of Schemes _bVersion 1 _h[Electronic resource] |
||
| 260 |
_aLondon, _bRoyal Institution of Chartered Surveyors, _ceffective from 1 September 2010 |
||
| 490 | _aRICS Regulation | ||
| 520 | _aThese Rules are made by the Standards and Regulation Board in accordance with powers provided by the Regulation 7.2.4. They set out: a) the procedure for registration, deregistration and appeal and; b) the obligations of registration | ||
| 651 | _aUnited Kingdom | ||
| 710 | _aRoyal Institution of Chartered Surveyors | ||
| 856 |
_uhttps://www.rics.org/profession-standards/knowledge-and-information-services _zEmail [email protected] to request a copy |
||
| 942 | _n0 | ||
| 999 |
_c121735 _d121735 |
||